Lovečtí psi : výchova a výcvik /

Hlavní autor: Hanzal, Vladimír, 1954-
Další autoři: Vochozka, Václav, 1936-
Jazyk: Čeština
Vydáno: České Budějovice : Dona, 2000
Vydání: 2. vyd.
Témata:
Fyzický popis: 182 s. : il. ; 20 cm
Knihy
Uloženo v:
LEADER 01195nam a2200361 a 4500
001 000482160
003 CZ BrMZK
005 20081013124358.0
007 ta
008 000115s2000 xr e f cze d
015 |a cnb000969064 
020 |a 80-86136-74-4 
035 |a (OCoLC)45034084 
040 |a BOA001  |b cze 
072 7 |a 636  |x Chov zvířat. Živočišná výroba  |2 Konspekt  |9 24 
080 |a 636.75  |2 MRF 
080 |a 636.08  |2 MRF 
080 |a 636.088  |2 MRF 
080 |a (035)  |2 MRF 
100 1 |a Hanzal, Vladimír,  |d 1954-  |7 jo20000071171  |4 aut 
245 1 0 |a Lovečtí psi :  |b výchova a výcvik /  |c Vladimír Hanzal, Václav Vochozka 
250 |a 2. vyd. 
260 |a České Budějovice :  |b Dona,  |c 2000 
300 |a 182 s. :  |b il. ;  |c 20 cm 
500 |a Bibliogr. 
650 0 7 |a lovečtí psi  |7 ph115183  |2 czenas 
650 0 7 |a chov domácích zvířat  |7 ph119200  |2 czenas 
650 0 7 |a výcvik zvířat  |7 ph135107  |2 czenas 
655 7 |a příručky  |7 fd133209  |2 czenas 
700 1 |a Vochozka, Václav,  |d 1936-  |7 jo20000071172  |4 aut 
910 |a BOA001  |b 2-1073.695 
990 |a BK 
996 6 |b 2610116272  |c 2-1073.695  |l MZK  |r Sklad / do 1 hodiny  |n 2  |p p.v.  |w 000482160  |u 000010  |a 1  |e BOA001  |j MZK50  |s P